| 000 | 00849nam a2200253 a 4500 | ||
|---|---|---|---|
| 001 | BRCA_7905 | ||
| 005 | 20190320210039.0 | ||
| 008 | 170214s1965----nyua######---#000-0#eng-# | ||
| 041 | _aengspa | ||
| 044 | _anyu | ||
| 050 | 4 |
_aNK2600 _b.D66 1965 |
|
| 100 | 1 |
_aDomenech (Galissa), Rafael _919552 |
|
| 245 | 1 | 0 |
_aAntique Spanish furniture = Muebles antiguos españoles _cby Rafael Domenech (Galissa) & Luis Perez Bueno ; tr. from the spanish by Grace Hardendorff Burr. |
| 260 |
_aNueva York _bArchive _c1965 |
||
| 300 |
_a142 p. _bil., 60 láminas _c31 cm. |
||
| 500 | _aY188 | ||
| 546 | _aTexto en: inglés y español | ||
| 650 | 1 | 4 |
_aMuebles antiguos _zEspaña _919553 |
| 700 | 1 |
_aPerez Bueno, Luis _ecoaut. _911912 |
|
| 700 | 1 |
_aHardendorff Burr, Grace _etr. _910919 |
|
| 740 | 0 | _aMuebles antiguos españoles | |
| 902 | _aGFM | ||
| 942 |
_2lcc _cB |
||
| 999 |
_c7577 _d7577 |
||